[Event "Titled Tuesday intern op 20th Dec Late"]
[Site "Chess.com INT"]
[Date "2022.12.20"]
[Round "5"]
[White "Kohler, Aran"]
[Black "Postnikov, Artem"]
[Result "1/2-1/2"]
[WhiteElo "2010"]
[BlackElo "2197"]
[PlyCount "92"]
[EventDate "2022.12.20"]
[EventType "swiss (blitz)"]
[EventRounds "11"]
[EventCountry "USA"]
[SourceTitle "EXT 2024"]
[Source "ChessBase"]
[SourceDate "2023.10.10"]
[SourceVersion "1"]
[SourceVersionDate "2023.10.10"]
[SourceQuality "1"]

1. d4 Nf6 2. c4 e6 3. Nc3 Bb4 4. Bd2 0-0 5. Nf3 d5 6. c5 b6 7. a3 Bxc3 8. Bxc3 Ne4 9. cxb6 axb6 10. Rc1 Ba6 11. e3 Bxf1 12. Kxf1 c5 13. g3 c4 14. Bb4 Re8 15. Kg2 Nc6 16. Be1 b5 17. Nd2 Nxd2 18. Bxd2 Qb6 19. Qe1 Reb8 20. Bb4 Nxb4 21. Qxb4 Ra4 22. Qe7 Qb7 23. Qxb7 Rxb7 24. Rc2 g5 25. h3 b4 26. axb4 Raxb4 27. Rb1 Rb3 28. Kf3 c3 29. Kg4 h6 30. Rbc1 cxb2 31. Rb1 Kg7 32. h4 Kg6 33. h5+ Kg7 34. Kf3 f5 35. Ke2 g4 36. Kd2 Kf6 37. Rc8 Kg5 38. Rg8+ Kf6 39. Rg6+ Ke7 40. Rxh6 Kd6 41. Rg6 Rh7 42. h6 Rb8 43. Kc2 Rc7+ 44. Kd2 Rh7 45. Kc2 Rc7+ 46. Kd2 Rh7 1/2-1/2

[Event "Titled Tuesday intern op 20th Dec Late"]
[Site "Chess.com INT"]
[Date "2022.12.20"]
[Round "1"]
[White "Postnikov, Artem"]
[Black "Jobava, Baadur"]
[Result "0-1"]
[WhiteElo "2197"]
[BlackElo "2578"]
[PlyCount "98"]
[EventDate "2022.12.20"]
[EventType "swiss (blitz)"]
[EventRounds "11"]
[EventCountry "USA"]
[SourceTitle "EXT 2024"]
[Source "ChessBase"]
[SourceDate "2023.10.10"]
[SourceVersion "1"]
[SourceVersionDate "2023.10.10"]
[SourceQuality "1"]

1. d4 Nf6 2. c4 c5 3. d5 g6 4. Nc3 Bg7 5. e4 d6 6. Nf3 0-0 7. Bd3 e6 8. 0-0 exd5 9. exd5 Bg4 10. h3 Bxf3 11. Qxf3 Nfd7 12. Qd1 Ne5 13. Be2 f5 14. f4 Nf7 15. Qc2 Nd7 16. Be3 Re8 17. Bf2 Bxc3 18. bxc3 Qc7 19. Bh4 Kg7 20. Bd3 Nf6 21. Bxf6+ Kxf6 22. Rae1 h5 23. g4 hxg4 24. hxg4 fxg4 25. Re6+ Rxe6 26. dxe6 Nh6 27. Bxg6 Kxe6 28. Qd2 Kf6 29. f5 Rh8 30. Re1 d5 31. Re6+ Kg7 32. Qxd5 Qg3+ 33. Qg2 Qxg2+ 34. Kxg2 Rd8 35. Re7+ Kf6 36. Rxb7 Kg5 37. Bh7 Rd2+ 38. Kg3 Rd3+ 39. Kg2 Rxc3 40. Rg7+ Kh4 41. f6 Rg3+ 42. Kf2 Rf3+ 43. Kg2 Rxf6 44. Bd3 Rd6 45. Be2 Rd2 46. Kf2 Nf5 47. Rh7+ Kg5 48. Rh8 Nd4 49. Rg8+ Kf5 0-1

[Event "Titled Tuesday intern op 13th Dec Early"]
[Site "Chess.com INT"]
[Date "2022.12.13"]
[Round "10"]
[White "Postnikov, Artem"]
[Black "Ghosh, Chanchal Kumer"]
[Result "1-0"]
[WhiteElo "2197"]
[BlackElo "2055"]
[PlyCount "37"]
[EventDate "2022.12.13"]
[EventType "swiss (blitz)"]
[EventRounds "11"]
[EventCountry "USA"]
[SourceTitle "EXT 2024"]
[Source "ChessBase"]
[SourceDate "2023.10.10"]
[SourceVersion "1"]
[SourceVersionDate "2023.10.10"]
[SourceQuality "1"]

1. d4 d5 2. c4 e6 3. Nc3 Nf6 4. Nf3 b6 5. Bf4 a6 6. e3 Bd6 7. Bxd6 Qxd6 8. Rc1 Nbd7 9. cxd5 exd5 10. Bd3 0-0 11. 0-0 h6 12. e4 dxe4 13. Nxe4 Nxe4 14. Bxe4 Ra7 15. Rc6 Qb4 16. Qc1 Nf6 17. Rxf6 gxf6 18. Qxh6 f5 19. Ng5 1-0

[Event "Titled Tuesday intern op 13th Dec Early"]
[Site "Chess.com INT"]
[Date "2022.12.13"]
[Round "8"]
[White "Postnikov, Artem"]
[Black "Petrova, Irina"]
[Result "1/2-1/2"]
[WhiteElo "2197"]
[BlackElo "2123"]
[PlyCount "90"]
[EventDate "2022.12.13"]
[EventType "swiss (blitz)"]
[EventRounds "11"]
[EventCountry "USA"]
[SourceTitle "EXT 2024"]
[Source "ChessBase"]
[SourceDate "2023.10.10"]
[SourceVersion "1"]
[SourceVersionDate "2023.10.10"]
[SourceQuality "1"]

1. d4 d6 2. e4 Nc6 3. Nf3 g6 4. Be3 Bg7 5. Nc3 Nf6 6. h3 0-0 7. Qd2 e5 8. dxe5 Nxe5 9. Nxe5 dxe5 10. Qxd8 Rxd8 11. Bc4 c6 12. Bb3 b5 13. a3 a5 14. 0-0 Ba6 15. Rfd1 b4 16. Rxd8+ Rxd8 17. axb4 axb4 18. Rxa6 bxc3 19. bxc3 Nxe4 20. Rxc6 Nd2 21. c4 e4 22. c5 Be5 23. Bxd2 Rxd2 24. g4 Bd4 25. Rc8+ Kg7 26. c6 Rxf2 27. c7 Rxc2+ 28. Kf1 Rc1+ 29. Ke2 Bb6 30. Bd5 Rxc7 31. Rxc7 Bxc7 32. Bxe4 h6 33. Kf3 Kf6 34. Bd3 Kg5 35. Kg2 Kf4 36. Bc4 f5 37. gxf5 gxf5 38. Be2 Ke3 39. Bh5 f4 40. Bf3 Bd8 41. Bh5 Bh4 42. Bf3 Bg3 43. Bh5 Bh4 44. Bf3 Bg3 45. Bh5 Bh4 1/2-1/2

[Event "Titled Tuesday intern op 13th Dec Early"]
[Site "Chess.com INT"]
[Date "2022.12.13"]
[Round "3"]
[White "Postnikov, Artem"]
[Black "Prieto Aranguren, Alain"]
[Result "1-0"]
[WhiteElo "2197"]
[BlackElo "2267"]
[PlyCount "87"]
[EventDate "2022.12.13"]
[EventType "swiss (blitz)"]
[EventRounds "11"]
[EventCountry "USA"]
[SourceTitle "EXT 2024"]
[Source "ChessBase"]
[SourceDate "2023.10.10"]
[SourceVersion "1"]
[SourceVersionDate "2023.10.10"]
[SourceQuality "1"]

1. d4 d5 2. c4 c6 3. Nf3 Nf6 4. e3 g6 5. Nc3 Bg7 6. Be2 0-0 7. 0-0 Na6 8. cxd5 Nxd5 9. Qb3 Nxc3 10. bxc3 c5 11. Ba3 cxd4 12. cxd4 Nc7 13. Rac1 b6 14. Ne5 Bb7 15. Nc6 Bxc6 16. Rxc6 Nd5 17. Rfc1 Qd7 18. Bf3 Rfd8 19. Bxd5 Qxd5 20. Bxe7 Qxb3 21. axb3 Re8 22. Bd6 Bf8 23. Bxf8 Kxf8 24. Rc7 Re7 25. Kf1 a5 26. Rxe7 Kxe7 27. Rc7+ Kd6 28. Rc3 b5 29. Ke2 f5 30. Kd3 a4 31. bxa4 bxa4 32. Ra3 Kd5 33. f3 Rb8 34. e4+ fxe4+ 35. fxe4+ Ke6 36. Rxa4 Rb2 37. Ra6+ Kf7 38. d5 Rxg2 39. e5 Rxh2 40. Ra7+ Ke8 41. e6 Rb2 42. d6 Kf8 43. Ra8+ Kg7 44. e7 1-0

[Event "Titled Tuesday intern op 06th Dec Early"]
[Site "Chess.com INT"]
[Date "2022.12.06"]
[Round "10"]
[White "Aradhya, Garg"]
[Black "Postnikov, Artem"]
[Result "1-0"]
[WhiteElo "2312"]
[BlackElo "2197"]
[PlyCount "105"]
[EventDate "2022.12.06"]
[EventType "swiss (blitz)"]
[EventRounds "11"]
[EventCountry "USA"]
[SourceTitle "CBM 211 Extra"]
[Source "ChessBase"]
[SourceDate "2023.01.31"]
[SourceVersion "1"]
[SourceVersionDate "2023.01.31"]
[SourceQuality "1"]

1. d4 Nf6 2. c4 e6 3. Nc3 d5 4. cxd5 Nxd5 5. e4 Nxc3 6. bxc3 c5 7. Rb1 Be7 8. Nf3 0-0 9. h4 b6 10. h5 Bb7 11. Bd3 Nc6 12. h6 g6 13. Be3 cxd4 14. cxd4 Nb4 15. 0-0 Nxd3 16. Qxd3 f5 17. Qb3 Bxe4 18. Qxe6+ Kh8 19. Rbc1 Bd5 20. Qe5+ Bf6 21. Qg3 Rc8 22. a3 Qe7 23. a4 Bb7 24. Ne5 Rxc1 25. Rxc1 Rc8 26. Rxc8+ Bxc8 27. Bg5 Bxg5 28. Qxg5 Qxg5 29. Nf7+ Kg8 30. Nxg5 Bd7 31. Kf1 Bxa4 32. Ke2 Bc6 33. g3 a5 34. Kd3 b5 35. Ne6 a4 36. Nc7 a3 37. Kc2 b4 38. Kb3 Ba4+ 39. Ka2 Kf7 40. Na6 Bb5 41. Nxb4 Ke6 42. Kxa3 g5 43. f4 gxf4 44. gxf4 Kf6 45. d5 Kg6 46. Nc6 Kxh6 47. Kb4 Ba6 48. d6 Bc8 49. Kc5 Kg7 50. Ne7 Bd7 51. Kd4 h5 52. Ke5 h4 53. Nxf5+ 1-0

[Event "Titled Tuesday intern op 06th Dec Early"]
[Site "Chess.com INT"]
[Date "2022.12.06"]
[Round "8"]
[White "Forgacs, Attila Jr"]
[Black "Postnikov, Artem"]
[Result "0-1"]
[WhiteElo "2219"]
[BlackElo "2197"]
[PlyCount "170"]
[EventDate "2022.12.06"]
[EventType "swiss (blitz)"]
[EventRounds "11"]
[EventCountry "USA"]
[SourceTitle "CBM 211 Extra"]
[Source "ChessBase"]
[SourceDate "2023.01.31"]
[SourceVersion "1"]
[SourceVersionDate "2023.01.31"]
[SourceQuality "1"]

1. e4 e5 2. Nf3 Nc6 3. Bb5 a6 4. Ba4 Nf6 5. 0-0 b5 6. Bb3 Bc5 7. a4 Rb8 8. Nxe5 Nxe5 9. d4 Bxd4 10. Qxd4 d6 11. Bg5 c5 12. Qe3 h6 13. Bh4 0-0 14. axb5 axb5 15. Nc3 c4 16. Ba2 Be6 17. h3 b4 18. f4 Ng6 19. Bxf6 Qxf6 20. f5 bxc3 21. fxe6 cxb2 22. exf7+ Rxf7 23. Rab1 Qe6 24. Rxf7 Kxf7 25. Qd4 Ne5 26. Rxb2 Rxb2 27. Qxb2 Qc8 28. Qb6 Qc5+ 29. Qxc5 dxc5 30. c3 h5 31. Kf2 h4 32. Ke3 g5 33. Bb1 Ke6 34. Bc2 Ng6 35. Bd1 Nf4 36. Kf3 Ke5 37. Ba4 Nd3 38. Bb5 Ne1+ 39. Kf2 Nd3+ 40. Ke3 Nb2 41. Ba6 Nd1+ 42. Kd2 Nb2 43. Kc2 Nd3 44. Bxc4 Ne1+ 45. Kd2 Nxg2 46. Bb5 Nf4 47. Bd7 Kxe4 48. Bg4 Ng2 49. Ke2 Kf4 50. Kf2 Ne3 51. Be6 Nf5 52. c4 Nd6 53. Bg8 Ne4+ 54. Kg2 Ke3 55. Bf7 Nc3 56. Be6 Ne2 57. Bf7 Nf4+ 58. Kh2 Kf2 59. Bg8 Nd3 60. Bd5 Ne1 61. Be6 Nf3+ 62. Kh1 Kg3 63. Bg4 Ne5 64. Be6 Nd3 65. Kg1 Nf4 66. Kf1 Nxh3 67. Ke2 Nf4+ 68. Ke3 h3 69. Ke4 h2 70. Bd5 Nxd5 71. Ke5 h1Q 72. cxd5 c4 73. d6 c3 74. Ke6 Qd1 75. d7 c2 76. Ke7 c1Q 77. d8Q Qxd8+ 78. Kxd8 g4 79. Kd7 Kf3 80. Ke6 g3 81. Kf5 g2 82. Kg6 g1Q+ 83. Kh5 Qcc5+ 84. Kh4 Qcg5+ 85. Kh3 Qh1# 0-1

[Event "Titled Tuesday intern op 06th Dec Early"]
[Site "Chess.com INT"]
[Date "2022.12.06"]
[Round "1"]
[White "Nambiar, Vivek"]
[Black "Postnikov, Artem"]
[Result "0-1"]
[WhiteElo "1969"]
[BlackElo "2197"]
[PlyCount "140"]
[EventDate "2022.12.06"]
[EventType "swiss (blitz)"]
[EventRounds "11"]
[EventCountry "USA"]
[SourceTitle "CBM 211 Extra"]
[Source "ChessBase"]
[SourceDate "2023.01.31"]
[SourceVersion "1"]
[SourceVersionDate "2023.01.31"]
[SourceQuality "1"]

1. Nf3 Nf6 2. c4 e6 3. Nc3 d5 4. e3 a6 5. d4 dxc4 6. Bxc4 b5 7. Bb3 Bb7 8. 0-0 Nbd7 9. Qe2 c5 10. Rd1 cxd4 11. exd4 b4 12. Na4 Be7 13. Nc5 Bd5 14. Nxd7 Qxd7 15. Ne5 Qb7 16. Bxd5 Qxd5 17. Bg5 0-0 18. Rac1 h6 19. Bh4 Qb5 20. Qxb5 axb5 21. Bxf6 Bxf6 22. Nd7 Rfd8 23. Nxf6+ gxf6 24. Rc5 Rxa2 25. Rxb5 Rxb2 26. g3 f5 27. d5 b3 28. d6 Rd7 29. Rc5 Rc2 30. Rxc2 bxc2 31. Rc1 Rxd6 32. Rxc2 Kg7 33. f4 h5 34. Kg2 Kg6 35. h4 Rd3 36. Re2 Ra3 37. Kf2 Ra4 38. Kg2 Ra6 39. Kf2 Kf6 40. Rb2 Rc6 41. Rd2 Ke7 42. Kg2 Rd6 43. Rc2 Rd3 44. Kf2 Kd7 45. Rb2 Kc6 46. Ra2 Kd5 47. Ra7 Ke4 48. Rxf7 Rd2+ 49. Ke1 Rg2 50. Re7 Rxg3 51. Rxe6+ Kxf4 52. Rh6 Kg4 53. Rg6+ Kxh4 54. Rf6 Kg5 55. Rf8 h4 56. Kf2 Ra3 57. Rg8+ Kf4 58. Rh8 Ra2+ 59. Kg1 Kg3 60. Rg8+ Kh3 61. Rf8 Kg4 62. Rg8+ Kf3 63. Rh8 Ra4 64. Rh7 Rg4+ 65. Kf1 f4 66. Rh8 Kg3 67. Rh7 h3 68. Rh8 h2 69. Rh7 Rh4 70. Rg7+ Kf3 0-1